000 00861nam a22003497a 4500
005 20251114162333.0
008 210602b2018 xxu||||| |||| 00| 0 spa d
020 _a9781720958307
041 _aESP
082 _a515.33 K43c
100 _aKetelaar, Christiaan
_960088
245 _aCálculo Diferencial: Cuaderno de Trabajo
260 _aEstados Unidos
260 _bEditorial Arjé
260 _c2018
300 _a159 páginas
490 _aBig Data
490 _aGestión de Calidad
490 _aTecnologías de la Información
490 _aElectrónica
650 _aCÁLCULO DIFERENCIAL
650 _aLÍMITES
650 _aCONTINUIDAD
650 _aDERIVADAS
650 _aREGLA DE L´HOSPITAL
650 _aFUNCIONES HIPERBÓLICAS
942 _cBK
_2ddc
999 _c12978
_d12978